| Tag |
First Indicator |
Second Indicator |
Subfields |
| LEADER |
00000cgm a2200000 i 4500 |
| 001 |
in00005509913 |
| 006 |
m o c |
| 007 |
vz |za||| |
| 007 |
cr |za|||||||| |
| 008 |
210112s2016 enk053 f o vleng d |
| 005 |
20241105202602.3 |
| 035 |
|
|
|a (OCoLC)on1231501337
|
| 040 |
|
|
|a SGPBL
|b eng
|e rda
|e pn
|c SGPBL
|d OCLCO
|d OCLCF
|d OCLCO
|d OCLCL
|d OCLCQ
|
| 020 |
|
|
|a 9781529761573
|q (streaming video)
|
| 020 |
|
|
|a 1529761573
|
| 035 |
|
|
|a (OCoLC)1231501337
|
| 041 |
0 |
|
|j eng
|
| 043 |
|
|
|a n-us---
|
| 050 |
|
4 |
|a HV5825
|b .R43 2016
|
| 082 |
0 |
4 |
|a 363.450973
|
| 049 |
|
|
|a TXAM
|
| 245 |
0 |
0 |
|a Redeeming the state.
|
| 264 |
|
1 |
|a Brighton, UK :
|b Espresso Media International,
|c 2016.
|
| 300 |
|
|
|a 1 online resource (1 video file (00:52:27)) :
|b sound, colour
|
| 336 |
|
|
|a two-dimensional moving image
|b tdi
|2 rdacontent
|
| 337 |
|
|
|a computer
|b c
|2 rdamedia
|
| 337 |
|
|
|a video
|b v
|2 rdamedia
|
| 338 |
|
|
|a online resource
|b cr
|2 rdacarrier
|
| 511 |
0 |
|
|a Speaker, Charceil Kellam.
|
| 511 |
0 |
|
|a Academic, Jennifer Turner.
|
| 511 |
0 |
|
|a Practitioner, Bill Otis.
|
| 511 |
0 |
|
|a Speaker, Barack Obama.
|
| 511 |
0 |
|
|a Narrator, Rosina Carbone.
|
| 511 |
0 |
|
|a Speaker, Ronald Reagan.
|
| 511 |
0 |
|
|a Speaker, Jason Hernandez.
|
| 511 |
0 |
|
|a Speaker, Amir Varick.
|
| 511 |
0 |
|
|a Speaker, Terry Box.
|
| 511 |
0 |
|
|a Academic, Gerry Madden.
|
| 511 |
0 |
|
|a Practitioner, Robert Burns.
|
| 511 |
0 |
|
|a Practitioner, Bobby Scott.
|
| 511 |
0 |
|
|a Speaker, Richard Branson.
|
| 520 |
8 |
|
|a The experiences of Israel Torres, Jason Hernandez, Amir Varick, and others illustrate of the devastating effects of America's war on drugs and its discriminatory mass incarceration and minimum sentencing policies on nonviolent drug offenders.
|
| 546 |
|
|
|a Closed-captions in English.
|
| 588 |
|
|
|a Description based on XML content.
|
| 650 |
|
0 |
|a Drug control
|z United States.
|
| 650 |
|
0 |
|a Discrimination in criminal justice administration
|z United States.
|
| 650 |
|
0 |
|a Drug abuse and crime
|z United States.
|
| 650 |
|
0 |
|a Drug abuse
|z United States.
|
| 650 |
|
6 |
|a Lutte antidrogue
|z États-Unis.
|
| 650 |
|
6 |
|a Discrimination dans l'administration de la justice pénale
|z États-Unis.
|
| 650 |
|
6 |
|a Toxicomanie
|z États-Unis.
|
| 650 |
|
7 |
|a Discrimination in criminal justice administration.
|2 fast
|0 (OCoLC)fst00895034
|
| 650 |
|
7 |
|a Drug abuse.
|2 fast
|0 (OCoLC)fst00898480
|
| 650 |
|
7 |
|a Drug abuse and crime.
|2 fast
|0 (OCoLC)fst00898614
|
| 650 |
|
7 |
|a Drug control.
|2 fast
|0 (OCoLC)fst01032891
|
| 651 |
|
7 |
|a United States.
|2 fast
|0 (OCoLC)fst01204155
|1 https://id.oclc.org/worldcat/entity/E39PBJtxgQXMWqmjMjjwXRHgrq
|
| 700 |
1 |
|
|a Kellam, Charceil,
|e speaker.
|
| 700 |
1 |
|
|a Turner, Jennifer,
|e academic.
|
| 700 |
1 |
|
|a Otis, Bill,
|e practitioner.
|
| 700 |
1 |
|
|a Obama, Barack,
|e speaker.
|
| 700 |
1 |
|
|a Carbone, Rosina,
|e narrator.
|
| 700 |
1 |
|
|a Reagan, Ronald,
|e speaker.
|
| 700 |
1 |
|
|a Hernandez, Jason,
|e speaker.
|
| 700 |
1 |
|
|a Varick, Amir,
|e speaker.
|
| 700 |
1 |
|
|a Box, Terry,
|e speaker.
|
| 700 |
1 |
|
|a Madden, Gerry,
|e academic.
|
| 700 |
1 |
|
|a Burns, Robert,
|e practitioner.
|
| 700 |
1 |
|
|a Scott, Bobby,
|e practitioner.
|
| 700 |
1 |
|
|a Branson, Richard,
|e speaker.
|
| 856 |
4 |
0 |
|u http://proxy.library.tamu.edu/login?url=https://sk.sagepub.com/video/redeeming-the-state
|z Connect to this streaming video
|t 0
|
| 936 |
|
|
|a BATCHLOAD
|
| 955 |
|
|
|a SAGE Video Crominology and Criminal Justice 2021 Update
|
| 994 |
|
|
|a 92
|b TXA
|
| 999 |
f |
f |
|s 64de93b4-a7f7-4636-ac30-609483dd7240
|i f70f3c58-b389-400a-84ba-a0b125c970fc
|t 0
|
| 952 |
f |
f |
|a Texas A&M University
|b College Station
|c Electronic Resources
|d Available Online
|t 0
|e HV5825 .R43 2016
|h Library of Congress classification
|
| 998 |
f |
f |
|a HV5825 .R43 2016
|t 0
|l Available Online
|